| 000 | 01302nam a2200217Ia 4500 | ||
|---|---|---|---|
| 999 |
_c32909 _d32909 |
||
| 003 | OSt | ||
| 005 | 20210607223513.0 | ||
| 008 | 160316s2012 xxu||||| |||| 00| 0 eng d | ||
| 020 | _a9780198078951 | ||
| 040 | _cn | ||
| 082 |
_a305.800000 _bNAT |
||
| 100 | _aNathan Dev | ||
| 245 | _aMarkets and indigenous peoples in Asia : Lessons from development projects | ||
| 260 |
_aNew Delhi _bOxford University Press _c2012 |
||
| 300 |
_a229p _cxvi |
||
| 365 | _bRs. 645 | ||
| 505 | _aTable of contents FOREWORD ; ACKNOWLEDGEMENTS ; INTRODUCTION ; 1. : POVERTY AND DEPRIVATION AMONG INDIGENOUS PEOPLES IN ASIA ; 2. : CAPABILITIES, ASPIRATIONS, AND ECONOMIC CHANGE ; 3. : INFRASTRUCTURE AND THE GROWTH OF MARKETS ; 4. : PRODUCTION INTERVENTIONS ; 5. : TOURISM AND POVERTY REDUCTION ; 6. : HUNTER-GATHERERS: SETTLING DOWN ; 7. : SOCIAL NORMS AND PROPERTY SYSTEMS ; 8. : GENDER RELATIONS ; 9. : NATURE MANAGEMENT REGIMES ; 10. : INDIGENOUS KNOWLEDGE AND TECHNOLOGY DEVELOPMENT ; 11. : LOCAL GOVERNANCE ; 12. : DEVELOPMENT WITH IDENTITY ; REFERENCES ; INDEX. | ||
| 650 | _a1. Indigenous Peoples - Asia - Economic Conditions2. Indigenous Peoples - Asia - Social Conditions. 3. Markets - Asia - Economic Conditions | ||
| 700 |
_aThapa Ganesh _aKelkar Govind |
||
| 942 |
_2ddc _cBK |
||